Strategic Cost Management (Record no. 3948)

MARC details
000 -LEADER
fixed length control field 00794nam a22002177a 4500
020 ## - INTERNATIONAL STANDARD BOOK NUMBER
ISBN 8176113808
020 ## - INTERNATIONAL STANDARD BOOK NUMBER
ISBN 9788176113809
050 ## - CALL NUMBER
Classification number HF5667
Item number .AGA
100 ## - AUTHOR
Personal name Agarwal Sonia
110 ## - AUTHOR
CORPORATE AUTHOR Mishra B.K.
245 ## - TITLE
Title Strategic Cost Management
Statement of responsibility, etc Agarwal Sonia Mishra B.K. Agarwal N.P.
250 ## - EDITION
Edition statement 1st ed.
260 ## - PUBLICATION INFORMATION
Place of publication Jaipur, India :
Name of publisher RBSA Publishers
Year of publication 2007
300 ## - DESCRIPTION
Number of Pages p. 254
Other physical details illus.,
Dimensions 23 cm
505 ## - FORMATTED CONTENTS NOTE
Table of Content Chapter 1: Introduction<br/>Chapter 2: Cost Concepts and Classifications<br/>Chapter 3: Cost Volume Profit Analysis<br/>Chapter 4: Budgetary Control<br/>Chapter 5: Activity Based Costing<br/>Chapter 6: Benchmaking<br/>Chapter 7: Decision Theory
650 ## - SUBJECTS
Topical Term Strategic Cost Management
700 ## - OTHER AUTHORS
Personal name Agarwal Sonia
710 ## - OTHER AUTHORS
OTHER AUTHORS Mishra B.K.
711 ## - OTHER AUTHORS
OTHER AUTHORS Agarwal N.P.
942 ## - ADDED ENTRY ELEMENTS (KOHA)
Koha item type Books
Holdings
Withdrawn status Lost status Home library Current library Shelving location Date acquired Full call number Accession Number Koha item type
    Methodist University Library Tema Methodist University Library Tema Reference 10/08/2009 HF5667 .AGA 23838 Books
Copyright © 2026  MUG Library